| 000 | 00532nam a2200217Ia 4500 | ||
|---|---|---|---|
| 003 | OSt | ||
| 005 | 20230405093241.0 | ||
| 008 | 210423s2008 xx 000 0 und d | ||
| 020 | _a978856231097 | ||
| 040 | _cAL | ||
| 041 | _aeng | ||
| 082 |
_a658.150954 _223 _b MACH |
||
| 100 |
_aMACHIRAJU (H R). _982944 |
||
| 245 | _aIndian financial system. | ||
| 250 | _a2 | ||
| 260 |
_aNew Delhi _bW H Freeman & Co. _c2008 |
||
| 300 |
_axv,392 _bPB |
||
| 365 |
_b285 _cINR |
||
| 906 | _afinancial ; Indian ; system. | ||
| 942 |
_2ddc _cBK |
||
| 999 |
_c156842 _d156842 |
||